C++ essentials (Record no. 119511)

MARC details
000 -LEADER
fixed length control field 00335nam a2200145Ia 4500
008 - FIXED-LENGTH DATA ELEMENTS--GENERAL INFORMATION
fixed length control field 230917s9999||||xx |||||||||||||| ||und||
040 ## - CATALOGING SOURCE
-- 105361
Original cataloging agency VIVEKANANDA LIBRARY
041 ## - Language
-- English
082 ## - DDC NUMBER
Classification number 005.133 P199C
100 ## - MAIN ENTRY--PERSONAL NAME
Personal name Pappas, Chris H
245 #0 - TITLE STATEMENT
Title C++ essentials
260 ## - PUBLICATION, DISTRIBUTION, ETC. (IMPRINT)
Place of publication, distribution, etc New Delhi
Name of publisher, distributor, etc PHI
Date of publication, distribution, etc 2002
300 ## - PHYSICAL DESCRIPTION
Pages 388 p.
942 ## - ADDED ENTRY ELEMENTS (KOHA)
Koha item type Books
Holdings
Withdrawn status Lost status Damaged status Not for loan Location (home branch) Sublocation or collection (holding branch) Date acquired Koha issues (times borrowed) Koha full call number Accession No. Koha date last seen Koha item type Shelving location
        VIVEKANANDA LIBRARY VIVEKANANDA LIBRARY 10/02/2005   005.133 P199C 211806 17/09/2023 Books  
        VIVEKANANDA LIBRARY VIVEKANANDA LIBRARY 10/02/2005   005.133 P199C 219966 17/09/2023 Books UIET Library
        VIVEKANANDA LIBRARY VIVEKANANDA LIBRARY 10/02/2005   005.133 P199C 219967 17/09/2023 Books  
© Designed and Maintained by Vivekananda Library, MDU Rohtak